000 00277nam a22001337a 4500
008 170220b xxu||||| |||| 00| 0 eng d
020 _a9781437717112
041 _aeng
080 _27TH
_a615
100 _a5
101 _aSHF
245 _aPHARMACOLOGY
_cKEE
942 _2udc
_cBK
999 _c5903
_d5903